000 00583nam a2200205 a 4500
005 20140311163016.0
008 070222s19uu xx 00 eng d
020 _a184448159
050 _aND 1040
_b.J47 2003
100 _aJelbert, Wendy
245 _aWater - soluble pencils and other aquarelle media /
_cWendy Jelbert
260 _aGreat Britain :
_bSearch Press Limited,
_c2003.
300 _a47 p. :
_bill. col. ;
_c26 cm.
521 _aMA
650 _aPlants in art.
650 _aTrees in art.
650 _aFolwers in art.
942 _cBK
_2lcc
_kFOR
999 _c39431
_d39431